00757 a2200157 4500003000500000005001700005040000900022082001500031100002600046245005400072260002600126300002400152505036900176600002600545650002800571Nust20230131130219.0 cNust a808.83,PAR aC.Northcote Parkinson aThe law and the profits / cC.Northcote Parkinson aPenguinbLondonc1960 a172 pbillusc18 cm aParking Second Law (Page-11), Ancient and Modern (Page-24), The Tax on Income (Page-35), The Turning Point (Page-45), Recent History (Page-58), The Limits of Taxation (Page-69), The Avoidance of Tax (Page-80), Wasteful War (Page-94), The British Waste Line (Page-111), Waste Measurements (Page-128), The American Bust (Page-145), Profits Without Honour (Page-155). aC.Northcote Parkinson aThe law and the profits